Sorcières de fictions en images - Statistiques

Statistiques générales
  • Ce quiz a été pris 533 fois
  • Le résultat moyen est 6 sur 20
Statistiques - réponses
Par images Réponse % Correct
Hermione Granger
99%
Maléfique
88%
Karaba
77%
Kiki
72%
Wanda Maximoff
66%
Sabrina Spellman
57%
Mélusine
33%
Madame Mim
27%
Yennefer
21%
Alex Russo
20%
Miss Tick
20%
Icy
17%
Baba la voyante
14%
Melisandre
14%
Winifred Sanderson
5%
Médusa Gorgon
4%
Rita Repulsa
3%
Ultimecia
2%
Hazel
1%
Hester
1%
Aucun quiz correspondant
Distribution des résultats
% des personnes avec chaque résultat
Percentile par nombre de réponses
Votre historique - résultats
Vous n’avez pas pris ce quiz